000 00543nam a22001697a 4500
005 20251108164251.0
008 250721s1998 xx 000 0 ara d
082 1 4 _a350.74/عمر
100 1 _aالعمرات، أحمد صالح
245 1 0 _aالشرطة المعاصرة و حقوق الإنسان :
_bالتجربة الأردنية /
264 1 _aعمان :
_bالبنك الأهلي الأردني،
_c1998.
300 _a373 ص.
650 1 7 _aالشرطة
650 1 7 _aحقوق الإنسان
942 _2ddc
_cBK
999 _c7887
_d7887